| 000 | 00438 a2200169 4500 | ||
|---|---|---|---|
| 020 | _a9781427736079 | ||
| 022 | _a1427736073 | ||
| 082 | _a332 | ||
| 090 |
_c6596 _d6596 |
||
| 100 | _aSchweser,Kaplan. | ||
| 245 |
_aCFA / 2012 Level II. _bLevel I Refresher:Contents. _cSchweser,Kaplan. |
||
| 250 | _aLevel II. | ||
| 260 |
_aAmerica. _bKaplan Schweser. _c2011. |
||
| 300 | _a100p. | ||
| 500 | _aPaper cover. | ||
| 942 |
_aNBS _cBK _k332 SCH |
||
| 999 |
_c348954 _d348954 |
||